| 000 | 00661nam a2200181Ia 4500 | ||
|---|---|---|---|
| 008 | 151202s9999||||xx |||||||||||||| ||und|| | ||
| 082 | _bPNVM-38156 | ||
| 100 | _aनेरुरकर प्र.श्री. | ||
| 245 | _aकोकणी लोकगीते. | ||
| 260 | _b"महाराष्ट्र राज्य सा. स. मंडळ ,मुंबई." | ||
| 260 | _c1988 | ||
| 300 | _a158 | ||
| 600 | _aनेरुरकर प्र.श्री. | ||
| 630 | _aकोकणी लोकगीते. | ||
| 700 | _aनेरुरकर प्र.श्री. | ||
| 730 | _aकोकणी लोकगीते. | ||
| 942 | _cBOOK | ||
| 999 |
_c1304108 _d1304105 |
||